[Event "Oberliga Ost-A 1819"]
[Site "Germany"]
[Date "2019.04.06"]
[Round "10.1"]
[White "Pietsch, Michael"]
[Black "Schubert, Thomas"]
[Result "1/2-1/2"]
[WhiteElo "2204"]
[BlackElo "2314"]
[PlyCount "35"]
[EventDate "2018.10.21"]
[EventType "team-tourn"]
[EventRounds "11"]
[EventCountry "GER"]
[SourceTitle "EXT 2020"]
[Source "ChessBase"]
[SourceDate "2019.10.17"]
[SourceVersion "1"]
[SourceVersionDate "2019.10.17"]
[SourceQuality "1"]
[WhiteTeam "Coswig TuS"]
[BlackTeam "Leipzig SG II"]
[WhiteTeamCountry "GER"]
[BlackTeamCountry "GER"]

1. c4 c6 2. d4 d5 3. Nf3 Nf6 4. e3 Bf5 5. Nc3 e6 6. Nh4 Bg6 7. Qb3 Qb6 8. Nxg6 hxg6 9. Bd2 Nbd7 10. cxd5 exd5 11. Bd3 Be7 12. Qxb6 axb6 13. 0-0 b5 14. a3 Nb6 15. Rad1 0-0 16. f3 b4 17. axb4 Bxb4 18. Ra1 1/2-1/2

[Event "Oberliga Ost-A 1819"]
[Site "Germany"]
[Date "2019.03.24"]
[Round "9.1"]
[White "Roseneck, Jonas"]
[Black "Pietsch, Michael"]
[Result "1-0"]
[WhiteElo "2262"]
[BlackElo "2204"]
[PlyCount "145"]
[EventDate "2018.10.21"]
[EventType "team-tourn"]
[EventRounds "11"]
[EventCountry "GER"]
[SourceTitle "EXT 2020"]
[Source "ChessBase"]
[SourceDate "2019.10.17"]
[SourceVersion "1"]
[SourceVersionDate "2019.10.17"]
[SourceQuality "1"]
[WhiteTeam "Magdeburg Aufbau Elbe"]
[BlackTeam "Coswig TuS"]
[WhiteTeamCountry "GER"]
[BlackTeamCountry "GER"]

1. e4 c6 2. d4 d5 3. e5 c5 4. dxc5 e6 5. a3 Nc6 6. Nf3 Bxc5 7. b4 Bb6 8. Bb2 Nge7 9. Bd3 Ng6 10. 0-0 Nf4 11. c4 Nxd3 12. Qxd3 dxc4 13. Qxc4 Ne7 14. Nc3 Bd7 15. Rfd1 Qc7 16. Qg4 Bc6 17. Rac1 Rd8 18. Qxg7 Rg8 19. Qf6 Nf5 20. Ng5 Rxd1+ 21. Rxd1 Qe7 22. Nge4 Nh4 23. g3 Rg6 24. Qh8+ Qf8 25. Qxf8+ Kxf8 26. b5 Be8 27. Nd6 Nf3+ 28. Kg2 Nxe5 29. Nce4 f5 30. Bxe5 fxe4 31. Re1 Bc5 32. Nxe8 Kxe8 33. a4 e3 34. fxe3 Rg5 35. Bd4 Rd5 36. Bxc5 Rxc5 37. Kf3 Rc4 38. Ra1 Ke7 39. g4 h6 40. h3 Kf6 41. a5 Rb4 42. a6 Rxb5 43. axb7 Rxb7 44. Ra5 Rc7 45. Kf4 Rb7 46. Ra6 Rc7 47. h4 Rb7 48. e4 Rc7 49. g5+ hxg5+ 50. hxg5+ Kf7 51. Kg4 Rb7 52. Kh5 Re7 53. Kh6 Rb7 54. e5 Re7 55. Rc6 Re8 56. Rc7+ Kg8 57. Rxa7 Kh8 58. g6 Kg8 59. Rg7+ Kh8 60. Rh7+ Kg8 61. g7 Kf7 62. Rh8 Rg8 63. Rxg8 Kxg8 64. Kh5 Kxg7 65. Kg5 Kf7 66. Kh6 Ke7 67. Kg7 Ke8 68. Kf6 Kd7 69. Kf7 Kd8 70. Kxe6 Ke8 71. Kf6 Kf8 72. e6 Ke8 73. e7 1-0

[Event "Oberliga Ost-A 1819"]
[Site "Germany"]
[Date "2018.12.15"]
[Round "4.1"]
[White "Pulpan, Jakub"]
[Black "Pietsch, Michael"]
[Result "1-0"]
[WhiteElo "2410"]
[BlackElo "2204"]
[PlyCount "63"]
[EventDate "2018.10.21"]
[EventType "team-tourn"]
[EventRounds "11"]
[EventCountry "GER"]
[SourceTitle "EXT 2020"]
[Source "ChessBase"]
[SourceDate "2019.10.17"]
[SourceVersion "1"]
[SourceVersionDate "2019.10.17"]
[SourceQuality "1"]
[WhiteTeam "Aue Nickelhuette II"]
[BlackTeam "Coswig TuS"]
[WhiteTeamCountry "GER"]
[BlackTeamCountry "GER"]

1. e4 d5 2. exd5 Qxd5 3. Nc3 Qa5 4. d4 c6 5. Bc4 Bf5 6. Bd2 e6 7. Nf3 Nf6 8. Nd5 Qd8 9. Nxf6+ Qxf6 10. c3 Bd6 11. Qe2 Bg4 12. 0-0-0 Nd7 13. Kb1 0-0-0 14. h4 Bxf3 15. gxf3 Bf4 16. Be3 Nb6 17. Bd3 h5 18. Qd2 Nd5 19. Be4 Kb8 20. c4 Nxe3 21. fxe3 Bc7 22. f4 Qe7 23. c5 Ka8 24. Qg2 Bb8 25. Rd3 g6 26. b4 Rc8 27. Rb3 a6 28. a4 Qd7 29. b5 axb5 30. axb5 cxb5 31. Ra3+ Ba7 32. Qa2 1-0

[Event "Oberliga Ost-A 1718"]
[Site "Germany"]
[Date "2018.01.21"]
[Round "5.1"]
[White "Pietsch, Michael"]
[Black "Eichner, Sebastian"]
[Result "0-1"]
[WhiteElo "2206"]
[BlackElo "2364"]
[PlyCount "62"]
[EventDate "2017.10.22"]
[EventType "team-tourn"]
[EventRounds "11"]
[EventCountry "GER"]
[SourceTitle "EXT 2019"]
[Source "ChessBase"]
[SourceDate "2018.10.10"]
[SourceVersion "1"]
[SourceVersionDate "2018.10.10"]
[SourceQuality "1"]
[WhiteTeam "Coswig TuS"]
[BlackTeam "Aue Nickelhuette II"]
[WhiteTeamCountry "GER"]
[BlackTeamCountry "GER"]

1. c4 Nf6 2. g3 d5 3. cxd5 Nxd5 4. Bg2 e5 5. Nc3 Nb6 6. Nf3 Nc6 7. 0-0 Be7 8. a3 a5 9. d3 Be6 10. Be3 Nd5 11. Nxd5 Bxd5 12. Rc1 0-0 13. Nd2 Bxg2 14. Kxg2 Re8 15. Qb3 Nd4 16. Bxd4 exd4 17. Rc2 b6 18. Qb5 c5 19. Nc4 Rb8 20. b4 cxb4 21. axb4 Bxb4 22. Rfc1 Qf6 23. Nb2 h6 24. Rc6 Qe5 25. Qxe5 Rxe5 26. Nc4 Rxe2 27. Nxb6 Rd2 28. Nc4 Rxd3 29. Ra1 Rc3 30. Ne5 Rb5 31. Rxc3 Bxc3 0-1

[Event "Oberliga Ost-A 1617"]
[Site "Germany"]
[Date "2017.05.07"]
[Round "11.2"]
[White "Rosko, Lubos"]
[Black "Pietsch, Michael"]
[Result "1/2-1/2"]
[WhiteElo "2345"]
[BlackElo "2146"]
[PlyCount "56"]
[EventDate "2016.10.16"]
[EventType "team-tourn"]
[EventRounds "11"]
[EventCountry "GER"]
[SourceTitle "EXT 2018"]
[Source "ChessBase"]
[SourceDate "2017.10.13"]
[SourceVersion "1"]
[SourceVersionDate "2017.10.13"]
[SourceQuality "1"]
[WhiteTeam "Aue Nickelhuette II"]
[BlackTeam "Coswig TuS"]
[WhiteTeamCountry "GER"]
[BlackTeamCountry "GER"]

1. d4 Nf6 2. c4 e6 3. Nf3 b6 4. a3 Ba6 5. Qc2 Bb7 6. Nc3 c5 7. e4 cxd4 8. Nxd4 Bc5 9. Nb3 Nc6 10. Bg5 h6 11. Bh4 Nd4 12. Nxd4 Bxd4 13. Bd3 Qb8 14. Bg3 Be5 15. 0-0-0 Nh5 16. Bxe5 Qxe5 17. g3 g5 18. Rhf1 Bc6 19. Qe2 Nf6 20. f4 gxf4 21. gxf4 Qh5 22. Qd2 0-0-0 23. e5 Ng4 24. Be2 Qh3 25. c5 Kb7 26. Bxg4 Qxg4 27. cxb6 axb6 28. Qd4 Qf5 1/2-1/2

[Event "Oberliga Ost-A 1617"]
[Site "Germany"]
[Date "2017.02.19"]
[Round "7.2"]
[White "Orsag, Milan"]
[Black "Pietsch, Michael"]
[Result "0-1"]
[WhiteElo "2332"]
[BlackElo "2146"]
[PlyCount "72"]
[EventDate "2016.10.16"]
[EventType "team-tourn"]
[EventRounds "11"]
[EventCountry "GER"]
[SourceTitle "EXT 2018"]
[Source "ChessBase"]
[SourceDate "2017.10.13"]
[SourceVersion "1"]
[SourceVersionDate "2017.10.13"]
[SourceQuality "1"]
[WhiteTeam "Hoyerswerda"]
[BlackTeam "Coswig TuS"]
[WhiteTeamCountry "GER"]
[BlackTeamCountry "GER"]

1. d4 Nf6 2. c4 e6 3. g3 d5 4. Bg2 Bb4+ 5. Bd2 Be7 6. Nf3 c6 7. b3 b6 8. 0-0 Ba6 9. Ne5 Nfd7 10. Nxd7 Nxd7 11. Bc3 Rc8 12. Nd2 0-0 13. Re1 b5 14. e4 bxc4 15. bxc4 dxc4 16. Rb1 Nb6 17. a4 c5 18. d5 exd5 19. exd5 Bf6 20. Bxf6 Qxf6 21. a5 Nd7 22. Bh3 Rcd8 23. Ne4 Qd4 24. Bxd7 Rxd7 25. Qf3 f5 26. Nc3 Bb7 27. Red1 Qf6 28. Rb5 Qd6 29. Qe3 Rc8 30. Rb2 Re7 31. Qf3 Rce8 32. Qxf5 Bc8 33. Qf4 Bh3 34. Rbb1 Qg6 35. f3 Qc2 36. Qd2 Re1+ 0-1

[Event "Oberliga Ost-A 1617"]
[Site "Germany"]
[Date "2017.02.18"]
[Round "6.2"]
[White "Pietsch, Michael"]
[Black "Moehn, Hans"]
[Result "0-1"]
[WhiteElo "2146"]
[BlackElo "2413"]
[PlyCount "80"]
[EventDate "2016.10.16"]
[EventType "team-tourn"]
[EventRounds "11"]
[EventCountry "GER"]
[SourceTitle "EXT 2018"]
[Source "ChessBase"]
[SourceDate "2017.10.13"]
[SourceVersion "1"]
[SourceVersionDate "2017.10.13"]
[SourceQuality "1"]
[WhiteTeam "Coswig TuS"]
[BlackTeam "Dresden USV TU II"]
[WhiteTeamCountry "GER"]
[BlackTeamCountry "GER"]

1. d4 Nf6 2. c4 g6 3. g3 Bg7 4. Bg2 0-0 5. Nc3 d6 6. Nf3 Nc6 7. 0-0 a6 8. Qd3 Bf5 9. e4 Bg4 10. Be3 Nd7 11. Ne1 e5 12. d5 Nd4 13. f3 Nc5 14. Qd1 Bc8 15. b4 Nd7 16. Nc2 a5 17. bxa5 Nxc2 18. Qxc2 Rxa5 19. Bh3 Nb6 20. Bxb6 cxb6 21. Bxc8 Qxc8 22. Qd3 Qc5+ 23. Kh1 Rc8 24. Nb5 Ra4 25. Rfc1 Bf8 26. Rc2 Rxc4 27. Rxc4 Qxc4 28. Qxc4 Rxc4 29. Rb1 f5 30. exf5 gxf5 31. Na7 e4 32. fxe4 fxe4 33. Rxb6 e3 34. Kg2 Rc2+ 35. Kf3 Bh6 36. Rxd6 Rf2+ 37. Kg4 e2 38. Re6 Bd2 39. Nc8 e1Q 40. Ne7+ Kf7 0-1

[Event "Oberliga Ost-A 1415"]
[Site "Germany"]
[Date "2015.04.11"]
[Round "10.4"]
[White "Schoene, Maria"]
[Black "Pietsch, Michael"]
[Result "1-0"]
[WhiteElo "2261"]
[BlackElo "2180"]
[PlyCount "51"]
[EventDate "2014.09.21"]
[EventType "team-tourn"]
[EventRounds "11"]
[EventCountry "GER"]
[SourceTitle "EXT 2016"]
[Source "ChessBase"]
[SourceDate "2015.10.08"]
[SourceVersion "1"]
[SourceVersionDate "2015.10.08"]
[SourceQuality "1"]
[WhiteTeam "Magdeburg Aufbau Elbe"]
[BlackTeam "Coswig"]
[WhiteTeamCountry "GER"]
[BlackTeamCountry "GER"]

1. e4 c6 2. d4 d5 3. exd5 cxd5 4. c4 Nf6 5. Nc3 Nc6 6. Bg5 e6 7. Nf3 Be7 8. c5 0-0 9. Bb5 Ne4 10. Bxe7 Nxe7 11. Bd3 Nxc3 12. bxc3 b6 13. cxb6 axb6 14. 0-0 Ba6 15. Re1 Bxd3 16. Qxd3 Qc7 17. Ng5 Ng6 18. h4 Rfc8 19. Re3 Nf8 20. Qe2 Ra3 21. Rf3 Rxc3 22. Rxf7 Rc1+ 23. Rxc1 Qxc1+ 24. Kh2 h6 25. Qe5 Qxg5 26. Rxf8+ 1-0

[Event "Oberliga Ost-A 1415"]
[Site "Germany"]
[Date "2014.11.09"]
[Round "4.5"]
[White "Pietsch, Michael"]
[Black "Schnabel, Ralf"]
[Result "1/2-1/2"]
[WhiteElo "2180"]
[BlackElo "2205"]
[PlyCount "52"]
[EventDate "2014.09.21"]
[EventType "team-tourn"]
[EventRounds "11"]
[EventCountry "GER"]
[SourceTitle "EXT 2016"]
[Source "ChessBase"]
[SourceDate "2015.10.08"]
[SourceVersion "1"]
[SourceVersionDate "2015.10.08"]
[SourceQuality "1"]
[WhiteTeam "Coswig"]
[BlackTeam "Aue Nickelhuette II"]
[WhiteTeamCountry "GER"]
[BlackTeamCountry "GER"]

1. d4 f5 2. g3 Nf6 3. Bg2 d6 4. Nf3 g6 5. 0-0 Bg7 6. b3 0-0 7. Bb2 c6 8. c4 Qe8 9. Qc2 Na6 10. Nbd2 h6 11. Rad1 g5 12. a3 Nc7 13. e4 fxe4 14. Nxe4 Nxe4 15. Qxe4 Bf5 16. Qe3 Qf7 17. Nd2 a5 18. f4 g4 19. Rfe1 Rfe8 20. Bc3 a4 21. b4 d5 22. c5 Bf6 23. Bb2 Kg7 24. Nb1 h5 25. Nc3 e6 26. Ne2 Qg6 1/2-1/2

[Event "Oberliga Nord W 1011"]
[Site "Germany"]
[Date "2011.02.27"]
[Round "7.6"]
[White "Pietsch, Michael"]
[Black "Kapitza, Mathias"]
[Result "1/2-1/2"]
[WhiteElo "2257"]
[BlackElo "2053"]
[PlyCount "121"]
[EventDate "2010.10.10"]
[EventType "team-tourn"]
[EventRounds "9"]
[EventCountry "GER"]
[SourceTitle "EXT 2012"]
[Source "ChessBase"]
[SourceDate "2011.11.24"]
[SourceVersion "1"]
[SourceVersionDate "2011.11.24"]
[SourceQuality "1"]
[WhiteTeam "Goettingen Tempo"]
[BlackTeam "Melle III"]
[WhiteTeamCountry "GER"]
[BlackTeamCountry "GER"]

1. d4 d5 2. c4 e6 3. Nf3 Nf6 4. g3 Be7 5. Bg2 0-0 6. 0-0 c6 7. Nbd2 Nbd7 8. Qc2 b6 9. e4 dxe4 10. Nxe4 Bb7 11. Rd1 Qc8 12. Bf4 Nxe4 13. Qxe4 c5 14. d5 Bf6 15. Ng5 g6 16. Qc2 e5 17. Bd2 Bg7 18. h4 Nf6 19. Bc3 h6 20. Bh3 Qc7 21. Nf3 Rae8 22. Nd2 Nh5 23. Re1 f5 24. Rad1 e4 25. Bxg7 Nxg7 26. Bg2 e3 27. Nf1 exf2+ 28. Qxf2 Qd6 29. b3 Nh5 30. Bf3 Nf6 31. Rd2 Rxe1 32. Qxe1 Re8 33. Re2 Rxe2 34. Qxe2 Bc8 35. Qe3 Kg7 36. Kf2 Bd7 37. Nd2 Be8 38. Nb1 Bf7 39. Nc3 a6 40. Ne2 Nd7 41. Nf4 Ne5 42. Be2 Qf6 43. a3 Qd6 44. Qc3 Qf6 45. Qd2 Qd6 46. Kg2 Bg8 47. Bd3 Ng4 48. h5 g5 49. Bxf5 gxf4 50. Bxg4 fxg3 51. Qc3+ Kf8 52. Qh8 Qf4 53. Be6 Qe4+ 54. Kh3 Qh1+ 55. Kxg3 Qg1+ 56. Kf4 Qf2+ 57. Ke4 Qe2+ 58. Kf4 Qf2+ 59. Kg4 Qg2+ 60. Kf5 Qc2+ 61. Kf4 1/2-1/2